| 000 | 00738nam a2200289Ia 4500 | ||
|---|---|---|---|
| 005 | 20260324113813.0 | ||
| 008 | 008 260324s9999 xx 000 0 eng d | ||
| 020 | _a9781003222934 | ||
| 037 | _aEBOOK | ||
| 040 | _aCRL | ||
| 040 | _beng | ||
| 040 | _cCRL | ||
| 041 | _2eng | ||
| 041 | _aeng | ||
| 084 | _qCRL | ||
| 100 |
_aStephen Buckman _91148237 |
||
| 245 | 0 | _aBuilding the 21st Century City through Public-Private Partnerships | |
| 245 | 2 | _bA Tool for Real Estate Development and Urban Growth | |
| 260 | _bTaylor and Francis | ||
| 260 | _c2023 | ||
| 365 | _a | ||
| 365 | _b260 | ||
| 856 | _uhttp://www.taylorfrancis.com/books/9781003222934 | ||
| 942 | _cEBOOK | ||
| 999 |
_c1738078 _d1738078 |
||